Word Ladder: Courtside Seats Quiz Stats

 Plays Quiz Updated Mar 24, 2016

Challenge
Share
Tweet
Embed
Score 0/26 Timer 04:00
2 Plays Today
Clue 4-Letter Word % Correct
Ladder 1SLAM
98.8%
Ladder 1SLIP
97%
Ladder 1SLIM
95.5%
Ladder 1ROME
90.3%
Ladder 2FART
90.1%
Ladder 1CLIP
89.8%
Ladder 1CLOP
89.1%
Ladder 2FARE
88.2%
Ladder 2SOOT
87%
Ladder 2DUNE
85.5%
Ladder 2FOOT
85.2%
Ladder 2DINE
83.7%
Ladder 2FORT
82.9%
Clue 4-Letter Word % Correct
Ladder 1COME
82.7%
Ladder 2DUNK
80.2%
Ladder 2FIRE
77.7%
Ladder 2DART
77.1%
Ladder 2SHOT
75.4%
Ladder 2DIRE
74.5%
Ladder 1ROMP
72.2%
Ladder 1COMP
70.6%
Ladder 2DORT
69.7%
Ladder 1POMP
67.7%
Ladder 1COOP
66.9%
Ladder 1PUMP
62.8%
Ladder 1JUMP
61.6%

Today's Daily Dose

You're not logged in!

Compare scores with friends on all Sporcle quizzes.
OR
Log In

You Might Also Like...

Show Comments

Extras

Top Quizzes Today


Score Distribution

Your Account Isn't Verified!

In order to create a playlist on Sporcle, you need to verify the email address you used during registration. Go to your Sporcle Settings to finish the process.

Report this User

Report this user for behavior that violates our Community Guidelines.

Details: